000 00646nam a2200217Ia 4500
008 160517s9999 xx 000 0 und d
050 _aRM 222
050 _b.N583 2015
100 _aNicasio, Alexandra Jan M.
245 _aLevels of self- concept and lifestyle profile of selected health conscious adults in Las Piñas city/
245 _cAlexandra Jan M. Nicasio.
260 _aLas Piñas, Philippines :
260 _bSISC,
260 _c2015.
300 _a110 pages :
300 _billustrations ;
300 _c28 cm.
500 _aIncludes bibliographical references and appendices.
521 _aPsychology
942 _cTH
999 _c294008
_d294008